Before the singing : structuring children's choirs for success /

All children must have an opportunity to share the joy of choral music participation - whether in school, church, or community choirs. What happens before the singing begins is critical to supporting, sustaining, and nurturing choirs to give every child the opportunity to experience the wonder of ch...

Full description

Bibliographic Details
Main Author: Tagg, Barbara
Format: eBook
Language:English
Published: New York : Oxford University Press, ©2013.
Subjects:
Online Access:Connect to the full text of this electronic book

MARC

Tag First Indicator Second Indicator Subfields
LEADER 00000cam a2200000 a 4500
001 in00005709721
005 20260318192122.6
006 m o d
007 cr cnu---unuuu
008 130617s2013 nyu ob 001 0 eng d
040 |a N$T  |b eng  |e pn  |c N$T  |d YDXCP  |d IDEBK  |d E7B  |d OCLCF  |d OCLCQ  |d STBDS  |d MOR  |d OTZ  |d AGLDB  |d OCLCQ  |d D6H  |d COCUF  |d VTS  |d CNNOR  |d STF  |d LOA  |d COO  |d K6U  |d VT2  |d U3W  |d CNCEN  |d OCLCQ  |d WYU  |d G3B  |d LVT  |d S8J  |d S9I  |d TKN  |d AJS  |d OCLCQ  |d OCLCO  |d OCLCQ  |d OCLCO  |d OCLCQ  |d OCLCO  |d OCLCL  |d ELBRO  |d OCLCQ  |d CLOUD  |d OCLCQ 
019 |a 988523170 
020 |a 9780199920693  |q (electronic bk.) 
020 |a 0199920699  |q (electronic bk.) 
020 |z 9780199920709 
020 |z 0199920702 
020 |z 9780199920686 
020 |z 0199920680 
035 |a (OCoLC)848918217  |z (OCoLC)988523170 
050 4 |a MT88  |b .T35 2013eb 
072 7 |a MUS  |x 042000  |2 bisacsh 
072 7 |a MUS  |x 052000  |2 bisacsh 
072 7 |a MUS  |x 037110  |2 bisacsh 
082 0 4 |a 782.7/145  |2 23 
049 |a TXAM 
100 1 |a Tagg, Barbara. 
245 1 0 |a Before the singing :  |b structuring children's choirs for success /  |c Barbara M. Tagg. 
260 |a New York :  |b Oxford University Press,  |c ©2013. 
300 |a 1 online resource (xvii, 273 pages) 
336 |a text  |b txt  |2 rdacontent 
337 |a computer  |b c  |2 rdamedia 
338 |a online resource  |b cr  |2 rdacarrier 
504 |a Includes bibliographical references (pages 253-260) and index. 
588 0 |a Print version record. 
520 8 |a All children must have an opportunity to share the joy of choral music participation - whether in school, church, or community choirs. What happens before the singing begins is critical to supporting, sustaining, and nurturing choirs to give every child the opportunity to experience the wonder of choral singing. Based on years of experience conducting and teaching, this book brings practical information about ways of organising choirs. 
505 0 |a Intro -- Cover -- Contents -- Acknowledgments -- Foreword -- About the Companion Website -- Introduction -- 1. Getting Started -- 2. Organizational Structure -- 3. Beyond the Board -- 4. Leadership Transition -- 5. Finances -- 6. Rehearsals and Parents -- 7. Musical Matters -- 8. Promotion and Fundraising -- 9. Concerts -- 10. Building Community -- 11. Performing with Professionals -- 12. Touring -- 13. In the Words of Others -- 14. Suggested Treble Repertoire -- Notes -- Bibliography -- Index -- A -- B -- C -- D -- E -- F -- G -- H -- I -- J -- K -- L -- M -- N -- O -- P -- Q -- R -- S -- T -- U -- V -- W -- Y -- Z. 
650 0 |a Children's choirs. 
650 6 |a Chœurs d'enfants. 
650 7 |a MUSIC  |x Instruction & Study  |x Voice.  |2 bisacsh 
650 7 |a MUSIC  |x Lyrics.  |2 bisacsh 
650 7 |a MUSIC  |x Printed Music  |x Vocal.  |2 bisacsh 
650 7 |a Children's choirs  |2 fast 
655 7 |a Electronic books.  |2 local 
758 |i has work:  |a Before the singing (Text)  |1 https://id.oclc.org/worldcat/entity/E39PCGqRxKkWRqFxc9fdX64pRq  |4 https://id.oclc.org/worldcat/ontology/hasWork 
776 0 8 |i Print version:  |a Tagg, Barbara.  |t Before the singing.  |d New York : Oxford University Press, ©2013  |z 9780199920709  |w (DLC) 2012040878  |w (OCoLC)813301017 
856 4 0 |u http://proxy.library.tamu.edu/login?url=https://academic.oup.com/book/4316  |z Connect to the full text of this electronic book  |t 0 
955 |a Oxford Scholarship Online 
994 |a 92  |b TXA 
999 f f |i 0c834ef2-9ea2-4f92-bd70-24385c3925e4  |s f2b56167-8069-4296-8ef0-c51f8d4d6a1e  |t 0 
952 f f |a Texas A&M University  |b College Station  |c Electronic Resources  |s www_evans  |d Available Online  |t 0  |e MT88 .T35 2013eb  |h Library of Congress classification 
998 f f |a MT88 .T35 2013eb  |t 0  |l Available Online